02991 2200793 4500001002100000005001500021035002000036245008400056100001700140250001700157300003400174260003400208082001100242084001700253020002200270650002400292520104000316008004101356990001601397990001601413990001601429990001601445990001601461990001601477990001601493990001601509990001601525990001601541990001601557990001601573990001601589990001601605990001601621990001601637990001601653990001601669990001601685990001601701990001601717990001601733990001601749990001601765990001601781990001601797990001601813990001601829990001601845990001601861990001601877990001601893990001601909990001601925990001601941990001601957990001601973990001601989990001602005990001602021990001602037990001602053990001602069990001602085990001602101990001602117990001602133990001602149990001602165990001602181INLIS00000000000105520250502090337 a0010-04250000501 aCinta Al-Qur'an dan Hadis 3 untuk Kelas III Madrasah Ibtidaiyah /cChoirul Fata0 aChoirul Fata acetakan ke-1 axvi, 144 hlm :bilus ;c25 cm aSolo :bTiga Serangkai,c2018 a372.84 a372.84 CHO c a978-602-257-749-2 4aBuku Teks Pelajaran aBuku Cinta Al-Qur'an dan Hadis I untuk Kelas I Madrasah Ibtidaiyah ini merupakan sarana pembelajaran siswa tentang Al-Qur'an dan hadis sebagai pedoman hidup umat Islam. Buku ini disusun berdasarkan Kompe-tensi Inti dan Kompetensi Dasar Tahun 2013 Materi di buku ini dikemas dengan bahasa yang sederhana dan komuni-katif sesuai dengan tingkat pemahaman siswa madrasah ibtidaiyah. Di dalamnya terdapat cara mudah untuk melafalkan dan menghafal surah Al-Qur'an dan hadis. Selain itu, buku ini juga dilengkapi beberapa suple-men yang sangat variatif. Hal ini bertujuan untuk meningkatkan daya imajinasi dan kreativitas sehingga aspek afektif dan psikomotorik siswa dapat dilatih. Tilawah Penilaian Sikap Qi??ah Mua'??irah (Cerita Bermakna) Mahf?z?t (Mutiara Hikmah) Lu'bah (Permainan) Penyajian buku ini mengantarkan siswa lebih mudah menguasai materi pembelajaran, baik teori maupun praktik. Dengan demikian, cukup dijadi-kan alasan penggunaan buku ini di sekolah dalam belajar Al-Qur'an dan hadis, serta mencintai keduanya.250502 0  a00000006271 a00000006272 a00000006273 a00000006274 a00000006275 a00000006276 a00000006277 a00000006278 a00000006279 a00000006280 a00000006281 a00000006282 a00000006283 a00000006284 a00000006285 a00000006286 a00000006287 a00000006288 a00000006289 a00000006290 a00000006291 a00000006292 a00000006293 a00000006294 a00000006295 a00000006296 a00000006297 a00000006298 a00000006299 a00000006300 a00000006301 a00000006302 a00000006303 a00000006304 a00000006305 a00000006306 a00000006307 a00000006308 a00000006309 a00000006310 a00000006311 a00000006312 a00000006313 a00000006314 a00000006315 a00000006316 a00000006317 a00000006318 a00000006319 a00000006320